00613nam a22001817a 450000500170000001000150001702000260003203500140005803700130007208200160008524501160010126000430021727000560026030000230031650000400033970000300037970000220040920170622150849.0 aENG-118890 a9789385503283c499.00 aEN-102422 bDBAD/PUB a954.0532092 aIconic Kalam :ban anthology of thought & practice /cedited by Mohammad Saheer Siddiqui [and] Subhankar Ghosh  aNew Delhi bNew Delhi Publishersc2016 a90, Sainik Vihar, Mohan Garden bNew Delhie110059 aix,180p.c24cm(Hb) aIncludes bibliographical reference  aMohammad Saheer Siddiqui  aGhosh, Subhankar